000 00260nam a2200097Ia 4500
008 220204s9999 xx 000 0 und d
082 _a66(058)(540)
_bMAN
245 0 _aMantech register of trade and industry-India
260 _aBombay
_bMantech
_c1974
942 _cBK
999 _c22947
_d22947